00628nam a2200169Ia 4500008004000000082001800040100004500058245007900103250000500182260006100187300001000248650001500258690002500273906001200298999001900310952012900329210210b1988 xxu||||| |||| 00| 0 eng d a658.4032 WIEM aWIEST (Jerome D) and LEVY (Ferdinand K). aManagement guide to PERT/CPM: with GERT/PDM/DCPM and other networks. Ed 2. a aNew Delhi.bPrentice-Hall of India Private Limitedc1988 ax,229 aPERT/CPM  aExecutive Management aSG01393 c113058d113058 001040708ManagementaALbALcManagementd2021-02-17g0.00l0o658.4032 WIEMpSG01393r2021-02-17 00:00:00w2021-02-17ySG